000 00690nam a2200253Ia 4500
005 20260121154233.0
008 008 260114s9999 xx 000 0 eng d
020 _a9781003307730
037 _aEBOOK
040 _aCRL
040 _beng
040 _cCRL
041 _2eng
041 _aeng
084 _qCRL
100 _a Manpreet Singh Manna; Balamurugan Balusamy; Meenakshi Sharma; Prithi Samuel
_91004726
245 0 _aBlended Learning and MOOCs: A New Generation Education System
260 _bTaylor and Francis
260 _c2023
856 _uhttp://www.taylorfrancis.com/books/9781003307730
942 _cEBOOK
999 _c1571547
_d1571547